Statistics for Croatia`s 2018 World Cup squad

Click here to take the quiz!

General Stats

  • This quiz has been taken 39 times
  • The average score is 16 of 23

Answer Stats

Hint Answer % Correct
CMModric
100%
STMandzukic
100%
CBVida
97%
GKSubasic
97%
LMPerisic
92%
CBLovren
92%
CMRakitic
92%
RBVrsaljko
78%
LBStrinic
75%
CMKovacic
72%
CBCorluka
72%
RWRebic
69%
CDMBrozovic
69%
GKKalinic
67%
STKalinic
67%
STKramaric
64%
CoachDalic
61%
CDMBadelj
58%
LBPivaric
47%
LWPjaca
44%
GKLivakovic
42%
CBJedvaj
31%
CDMBradaric
22%

Score Distribution

Percentile by Number Answered

Percent of People with Each Score

Your Score History

You have not taken this quiz